000 01118nam a2200241 a 4500
001 000027293
005 20240304144917.0
008 110331s1997 dr ac 011 0bspa d
040 _aDO-SdBNP
_bspa
_cBNPHU
082 _a610.92
_bR696e
245 0 1 _aEvangelina Rodríguez Perozo una mujer sobresaliente :
_bopúsculo /
_cedición Altagracia Guzmán Marcelino.
260 _aSanto Domingo :
_bColores,
_c1997.
300 _a50 p. :
_bil., retrs. ;
_c22 cm.
504 _aBibliografía: p. 49-50.
505 0 _gPresentación /
_rAltagracia Guzmán Marcelino --
_tCongreso Nacional - Ley Nº 32-97 --
_gLiminar --
_tUna mujer sobresaliente en la historia dominicana /
_rconferencia presentada por Emil Kasse Acta, junio 26, 1985 --
_gAnexos.
590 _aInventariado,2018/DG
600 1 0 _aRodríguez Perozo, Andrea Evangelina,
_d1879-1947
_918796
650 4 _aMujeres como médicos
_918797
650 4 _aMujeres en la medicina
_xRepública dominicana
_918798
650 4 _aGinecólogos
_xRepública dominicana
_918799
700 1 _aGuzmán Marcelino, Altagracia,
_eed.
_937654
910 _aValidado. Control de calidad EMS
999 _c26785
_d26785